Ecrivain par image n°3 - Statistiques

Statistiques générales
  • Ce quiz a été pris 111 fois
  • Le résultat moyen est 9 sur 15
Statistiques - réponses
Par images Réponse % Correct
Victor Hugo
98%
Eric Zemmour
82%
Molière
80%
Albert Camus
79%
Arthur Rimbaud
76%
François-René de Chateaubriand
61%
JK Rowling
61%
Stendhal
59%
Edgar Allan Poe
53%
Ernest Hemingway
46%
Homère
46%
Marc Lévy
46%
Alfred de Musset
43%
Madame de la Fayette
36%
Yvan Tourgueniev
11%
Aucun quiz correspondant
Distribution des résultats
% des personnes avec chaque résultat
Percentile par nombre de réponses
Votre historique - résultats
Vous n’avez pas pris ce quiz